| 000 | 00670nam a22001937a 4500 | ||
|---|---|---|---|
| 008 | 160802b xxu||||| |||| 00| 0 eng d | ||
| 050 | _aCB401.B59 2000 | ||
| 100 |
_aBouwsma, William J. _924486 |
||
| 245 |
_aThe Warning of the renaissance 1550-1640 _c/William J. Bouwsma |
||
| 260 |
_aNew Haven _bYale University Press _c2000 |
||
| 300 |
_aix, 288p.; _c24cm. |
||
| 650 |
_aRenaissance _92590 |
||
| 650 |
_aScience and civilisation _924487 |
||
| 650 |
_aAstronomy _xRenaissance _924488 |
||
| 650 |
_aHumanism _924489 |
||
| 650 |
_aEurope _xInterllectual life _y16th century _924490 |
||
| 650 |
_aEurope _xInterllectual life _y17th century _924491 |
||
| 942 |
_2lcc _cMONOGRAPH |
||
| 999 |
_c124813 _d124813 |
||